000 00398nam a2200169Ia 4500
008 170705s9999 xx 000 0 und d
020 _a9780590129015
245 4 _aThe view from Saturday /
245 _cE. L. Konigsburg.
260 _aNew York :
260 _bScholastic,
260 _c1996
300 _a163 pages :
300 _bcolor illustration ;
300 _c19cm.
500 _a870
999 _c336406
_d336406